Will Central America's farmers survive the export boom? /
Gespeichert in:
| 1. Verfasser: | |
|---|---|
| Format: | Text |
| Tags: |
Tag hinzufügen
Keine Tags, Fügen Sie den ersten Tag hinzu!
|
MARC
| LEADER | 00000 a a2200000 04500 | ||
|---|---|---|---|
| 001 | 10026 | ||
| 003 | |||
| 040 | |||
| 100 | |a Torres Escobar, Edelberto | ||
| 245 | |a Will Central America's farmers survive the export boom? / |c Edelberto Torres Escobar | ||
| 773 | |g volumen 38, número 3; páginas 28-33 | ||
| 999 | |c 19942 |d 19942 | ||
